[Event "1.CLZ 24/25,TJ Neratovice-Ricany 1925"]
[Site "Neratovice"]
[Date "2025.03.23"]
[Round "10.3"]
[White "Skypala, Ondrej"]
[Black "Bednar, Marcel"]
[WhiteElo "2191"]
[BlackElo "2205"]
[Result "1-0"]
[PlyCount "47"]

1. c4 Nf6 2. Nf3 b6 3. g3 Bb7 4. Bg2 e5 5. O-O e4 6. Ne1 d5 7. cxd5 Qxd5 8. Nc3
Qe6 9. d3 Nbd7 10. Bf4 Nc5 11. Nb5 O-O-O 12. Nxc7 Qc6 13. Bh3+ Nfd7 14. d4 e3
15. Nf3 g5 16. Bxg5 exf2+ 17. Kg2 Kxc7 18. Bxd8+ Kxd8 19. dxc5 Bxc5 20. Rc1 a5
21. Rxf2 Re8 22. Rf1 Qb5 23. Rc2 Be4 24. Bxd7 1-0

[Event "1.CLZ 24/25,TJ Neratovice-Ricany 1925"]
[Site "Neratovice"]
[Date "2025.03.23"]
[Round "10.4"]
[White "Trickov, Vasil"]
[Black "Mik, Tomas"]
[WhiteElo "2298"]
[BlackElo "2073"]
[Result "1/2-1/2"]
[PlyCount "117"]

1. d4 Nf6 2. Nf3 g6 3. c4 Bg7 4. g3 O-O 5. Bg2 c6 6. O-O d5 7. Nc3 Ne4 8. Qb3
Nxc3 9. bxc3 dxc4 10. Qxc4 Nd7 11. Rd1 Nb6 12. Qd3 Be6 13. e4 Qd7 14. Qc2 Rfd8
15. a4 h6 16. Bf4 Nc4 17. Qe2 Rac8 18. Nd2 Nxd2 19. Qxd2 h5 20. Be3 Bc4 21. f4
Qe6 22. Qf2 f5 23. e5 Rd7 24. Rdb1 Bf8 25. a5 Bd5 26. Bf1 Bc4 27. Bxc4 Qxc4 28.
Qa2 Qd5 29. c4 Qe4 30. Re1 e6 31. Bf2 Qf3 32. Re3 Qg4 33. Kg2 h4 34. h3 Qh5 35.
Rb3 Bh6 36. Rd3 hxg3 37. Bxg3 g5 38. fxg5 Bxg5 39. Rg1 Kh8 40. Bf2 Rg8 41. Kf1
Rdg7 42. Qe2 Qh6 43. d5 cxd5 44. cxd5 Rc8 45. h4 Rc1+ 46. Rd1 Rxd1+ 47. Qxd1
Be3 48. Bxe3 Qxe3 49. Qh5+ Kg8 50. Qe8+ Kh7 51. Qh5+ Kg8 52. Qe8+ Kh7 53. Rxg7+
Kxg7 54. Qe7+ Kh8 55. Qd8+ Kg7 56. Qd7+ Kh8 57. Qc8+ Kg7 58. Qd7+ Kh8 59. Qc8+
 1/2-1/2

[Event "1.CLZ 24/25,TJ Neratovice-Ricany 1925"]
[Site "Neratovice"]
[Date "2025.03.23"]
[Round "10.5"]
[White "Novotny, Martin"]
[Black "Karas, Marek"]
[WhiteElo "2110"]
[BlackElo "2165"]
[Result "1/2-1/2"]
[PlyCount "124"]

1. d4 d5 2. c4 e6 3. Nf3 c5 4. cxd5 exd5 5. g3 Nc6 6. Bg2 Nf6 7. O-O Be7 8. Nc3
h6 9. b3 O-O 10. Bb2 cxd4 11. Nxd4 Bg4 12. h3 Be6 13. Rc1 Rc8 14. Nxe6 fxe6 15.
e3 Qa5 16. a3 a6 17. b4 Qd8 18. Qb3 Qb6 19. Qa2 a5 20. b5 Na7 21. a4 Kh8 22.
Ne2 Rxc1 23. Rxc1 Rc8 24. Rxc8+ Nxc8 25. Bd4 Qd6 26. Nf4 Bd8 27. Qc2 Ne7 28.
Qc5 Qd7 29. Nd3 Kg8 30. Ne5 Qc7 31. Qa3 Nc8 32. Ng6 Kf7 33. Ne5+ Kg8 34. Ng4
Nxg4 35. hxg4 Bf6 36. Qb2 Kf7 37. Bxf6 gxf6 38. e4 dxe4 39. Bxe4 Nb6 40. Qd4
Nd7 41. Qa7 Ke7 42. Bf3 Kd6 43. Qd4+ Ke7 44. Qe4 Ne5 45. Qxb7 Qxb7 46. Bxb7
Nxg4 47. Be4 Ne5 48. Kg2 Kd6 49. Kh3 f5 50. Bc2 Ng4 51. f3 Ne5 52. Kg2 Nc4 53.
Kf2 Nb6 54. f4 Nd5 55. Bb3 Nf6 56. Bc2 Nd5 57. Ke2 Nf6 58. Ke3 Nh5 59. Kf3 Nf6
60. Bb1 Nd5 61. Bc2 Nf6 62. Bd1 Nd5 1/2-1/2

[Event "1.CLZ 24/25,TJ Neratovice-Ricany 1925"]
[Site "Neratovice"]
[Date "2025.03.23"]
[Round "10.7"]
[White "Purnoch, Josef"]
[Black "Bezdek, Tomas"]
[WhiteElo "2149"]
[BlackElo "2250"]
[Result "0-1"]
[PlyCount "84"]

1. d4 Nf6 2. c4 e6 3. Nc3 Bb4 4. a3 Bxc3+ 5. bxc3 b6 6. f3 Nc6 7. e4 Na5 8. Bd3
Ba6 9. Qe2 d6 10. Nh3 c5 11. e5 Nd7 12. Bg5 Qc7 13. exd6 Qxd6 14. Bf4 Qe7 15.
O-O cxd4 16. cxd4 Rc8 17. c5 Bxd3 18. Qxd3 bxc5 19. Qa6 Qd8 20. dxc5 Nb3 21.
Rad1 Nbxc5 22. Qe2 O-O 23. Rd6 Qa5 24. Qe3 Nb6 25. Qd4 Nd5 26. Be5 f6 27. Bg3
Qxa3 28. Ra1 Nb3 29. Rxa3 Rc1+ 30. Qd1 Rxd1+ 31. Kf2 Nd4 32. Bf4 Nb5 33. Raa6
Nxd6 34. Bxd6 Ra8 35. g4 Rb1 36. Bc5 Rb7 37. Rxe6 a5 38. Rd6 Nc3 39. Re6 Rb2+
40. Kg3 Ne2+ 41. Kh4 g5+ 42. Kh5 Nf4+ 0-1

[Event "1.CLZ 24/25,TJ Neratovice-Ricany 1925"]
[Site "Neratovice"]
[Date "2025.03.23"]
[Round "10.8"]
[White "Vystrcil, Martin"]
[Black "Cernik, Lukas"]
[WhiteElo "2101"]
[BlackElo "2092"]
[Result "1-0"]
[PlyCount "43"]

1. e4 Nc6 2. Nf3 g6 3. c4 d6 4. d4 Bg7 5. Nc3 e5 6. Be3 f5 7. Bg5 Nge7 8. dxe5
dxe5 9. Qxd8+ Kxd8 10. O-O-O+ Bd7 11. exf5 gxf5 12. Nd5 Rf8 13. Bd3 h6 14. Bh4
e4 15. Rhe1 Rf7 16. Bxe4 fxe4 17. Rxe4 Rc8 18. Rde1 Bf8 19. Ne5 Nxe5 20. Rxe5
c6 21. Nxe7 Bxe7 22. Rxe7 1-0

[Event "1.CLZ 24/25,Sokol Vysehrad-Zikuda Turnov B"]
[Site "Praha"]
[Date "2025.03.23"]
[Round "10.1"]
[White "Serrano, Salvador"]
[Black "Finek, Vaclav"]
[WhiteElo "2259"]
[BlackElo "2480"]
[Result "0-1"]
[PlyCount "72"]

1. d4 Nf6 2. Nf3 e6 3. Bg5 h6 4. Bxf6 Qxf6 5. e4 d5 6. Nbd2 c5 7. exd5 exd5 8.
c3 Nc6 9. dxc5 Bxc5 10. Be2 O-O 11. O-O Bb6 12. Nb3 Be6 13. Nbd4 Rad8 14. Qa4
Ne7 15. Rfe1 g5 16. Bf1 Ng6 17. g3 Bd7 18. Qb4 g4 19. Nd2 Ne5 20. Re2 Nd3 21.
Qe7 Qxe7 22. Rxe7 Nxb2 23. Bg2 Na4 24. Rc1 Nxc3 25. Rxc3 Bxd4 26. Rb3 Bf6 27.
Re1 Bc6 28. Rd3 Kg7 29. Rd1 Rfe8 30. Nb3 Bb5 31. Rxd5 Rxd5 32. Bxd5 Rd8 33. Rd2
Bc3 34. Rc2 Rxd5 35. Rxc3 Rd1+ 36. Kg2 Bf1+ 0-1

[Event "1.CLZ 24/25,Sokol Vysehrad-Zikuda Turnov B"]
[Site "Praha"]
[Date "2025.03.23"]
[Round "10.2"]
[White "Simacek, Pavel"]
[Black "Jurek, Josef"]
[WhiteElo "2424"]
[BlackElo "2175"]
[Result "1-0"]
[PlyCount "97"]

1. d4 e6 2. c4 Nf6 3. Nc3 Bb4 4. e3 b6 5. Nge2 c5 6. a3 Ba5 7. Rb1 Na6 8. dxc5
bxc5 9. Bd2 O-O 10. Nf4 Bb7 11. Bd3 d5 12. cxd5 exd5 13. O-O c4 14. Bc2 Bb6 15.
Na4 Bc7 16. Bc3 Bc6 17. Nh5 Nxh5 18. Qxh5 g6 19. Qh6 f6 20. Bd4 Qe7 21. Rfd1
Bd6 22. b4 cxb3 23. Bxb3 Rad8 24. Nc3 Bb8 25. e4 Nc7 26. exd5 Nxd5 27. Bxd5+
Bxd5 28. Rxb8 Rxb8 29. Nxd5 Qd6 30. Bxf6 Rxf6 31. Nxf6+ Qxf6 32. h3 Rd8 33. Rc1
Qd4 34. Qg5 Rf8 35. Qg3 Kh8 36. Rc7 a5 37. Re7 Rf4 38. Re3 Qa1+ 39. Kh2 Qf6 40.
f3 h5 41. Qe1 Qd6 42. Re6 Qc7 43. Kh1 Qg7 44. Qxa5 Rf7 45. a4 Ra7 46. Qd8+ Kh7
47. a5 Rd7 48. Qg5 Qf7 49. Qe5 1-0

[Event "1.CLZ 24/25,Sokol Vysehrad-Zikuda Turnov B"]
[Site "Praha"]
[Date "2025.03.23"]
[Round "10.3"]
[White "Mozny, Milos"]
[Black "Cech, Pavel"]
[WhiteElo "2221"]
[BlackElo "2315"]
[Result "1/2-1/2"]
[PlyCount "25"]

1. d4 d5 2. Nf3 Nf6 3. Bf4 c6 4. c3 Bf5 5. e3 Nbd7 6. Bd3 Bxd3 7. Qxd3 e6 8.
Nbd2 Be7 9. O-O O-O 10. Ne5 Nxe5 11. Bxe5 Ng4 12. Bg3 Bd6 13. e4 1/2-1/2

[Event "1.CLZ 24/25,Sokol Vysehrad-Zikuda Turnov B"]
[Site "Praha"]
[Date "2025.03.23"]
[Round "10.4"]
[White "Sodoma, Jan"]
[Black "Netusil, Miloslav"]
[WhiteElo "2354"]
[BlackElo "2120"]
[Result "1/2-1/2"]
[PlyCount "49"]

1. Nf3 d5 2. d4 Bf5 3. c4 e6 4. Nc3 Nf6 5. Bg5 c6 6. e3 Be7 7. Bd3 Bxd3 8. Qxd3
O-O 9. O-O Nbd7 10. Rad1 Ne8 11. Bxe7 Qxe7 12. e4 dxe4 13. Qxe4 Rd8 14. Rfe1
Qf6 15. b4 Nb6 16. Qe2 Nd7 17. b5 cxb5 18. Nxb5 a6 19. Nc3 Nd6 20. Rb1 Rb8 21.
Ne5 Rfd8 22. h3 Nf5 23. Qe4 Nxe5 24. dxe5 Qe7 25. Red1 1/2-1/2

[Event "1.CLZ 24/25,Sokol Vysehrad-Zikuda Turnov B"]
[Site "Praha"]
[Date "2025.03.23"]
[Round "10.5"]
[White "Docekal, Jan"]
[Black "Liska, Jiri"]
[WhiteElo "2248"]
[BlackElo "2279"]
[Result "1/2-1/2"]
[PlyCount "176"]

1. e4 c5 2. Nf3 Nc6 3. c4 e5 4. Nc3 d6 5. Be2 g6 6. O-O Bg7 7. d3 Nge7 8. Bg5
h6 9. Bxe7 Nxe7 10. Ne1 O-O 11. Nc2 Nc6 12. a3 f5 13. exf5 gxf5 14. Bf3 Bd7 15.
Rb1 Rb8 16. Nb5 Be6 17. Ne3 a6 18. Nc3 Ne7 19. Ncd5 b5 20. Nxe7+ Qxe7 21. Bd5
bxc4 22. dxc4 e4 23. b4 Kh7 24. bxc5 dxc5 25. Qh5 Rbe8 26. Rb6 Bc8 27. Qg6+ Kh8
28. Re1 Qh4 29. g3 Qg5 30. Bf7 Rd8 31. Nd5 Qxg6 32. Bxg6 Be5 33. f3 Kg7 34.
fxe4 Bd4+ 35. Kg2 fxe4 36. Nf4 e3 37. Be4 Rf7 38. Rg6+ Kf8 39. Bd5 Rg7 40. Rxh6
Ke7 41. Ne6 Rd6 42. Nxd4 Rxh6 43. Rxe3+ Kd6 44. Nf3 Bh3+ 45. Kf2 Kc7 46. Re8
Rb6 47. Ke3 Rb3+ 48. Kd2 Bg2 49. Ra8 Rd7 50. Ra7+ Kd8 51. Ra8+ Ke7 52. Kc2 Rxa3
53. Ne5 Bxd5 54. cxd5 Rxd5 55. Ra7+ Ke6 56. Nc4 Ra1 57. h4 Rdd1 58. Ne3 Rg1 59.
Rg7 Ra3 60. Kd2 Rh1 61. Ke2 Rh2+ 62. Kf3 c4 63. Rg6+ Kd7 64. h5 Rxh5 65. Ke4
Rc5 66. Kd4 Rc6 67. Rg7+ Kc8 68. Nd5 Rd3+ 69. Ke4 Re6+ 70. Kf5 Rd6 71. Nf4 Rd2
72. Ne6 Rxe6 73. Kxe6 c3 74. Rg4 c2 75. Rc4+ Kb7 76. g4 Kb6 77. g5 Kb5 78. Rc8
Kb4 79. g6 Kb3 80. g7 Rg2 81. Kf7 Kb2 82. Rb8+ Ka1 83. Rc8 Kb2 84. Rb8+ Kc3 85.
Rc8+ Kd2 86. Rd8+ Ke1 87. Re8+ Kd1 88. Rd8+ Ke2 1/2-1/2

[Event "1.CLZ 24/25,Sokol Vysehrad-Zikuda Turnov B"]
[Site "Praha"]
[Date "2025.03.23"]
[Round "10.6"]
[White "Zima, Jan"]
[Black "Verner, Matej"]
[WhiteElo "2211"]
[BlackElo "2060"]
[Result "1/2-1/2"]
[PlyCount "107"]

1. e4 c5 2. Nf3 g6 3. d4 cxd4 4. Nxd4 Nc6 5. c4 Bg7 6. Be3 Nf6 7. Nc3 O-O 8.
Be2 d6 9. O-O Nxd4 10. Bxd4 Bd7 11. f3 a5 12. Qd2 Bc6 13. b3 Nd7 14. Be3 Nc5
15. Rfc1 Qb6 16. Rab1 Rfc8 17. Rc2 Qd8 18. g3 h5 19. Bf1 Kh7 20. Bh3 Rcb8 21.
Bg2 Qh8 22. Ne2 b5 23. Nd4 Be8 24. cxb5 Bxb5 25. Nxb5 Rxb5 26. Bf1 Rb6 27. Bc4
e6 28. Rd1 Qf8 29. Bf1 Ra7 30. Rc4 Qe7 31. Bf4 d5 32. exd5 exd5 33. Rcc1 Ne6
34. Re1 d4 35. Bh3 Qf6 36. Bxe6 Rxe6 37. Rxe6 Qxe6 38. Re1 Qd5 39. Qd3 a4 40.
Rb1 a3 41. Re1 Bf6 42. Kf2 Kg7 43. Re2 Rb7 44. Qe4 Qb5 45. Be5 Rd7 46. Qf4 Bxe5
47. Qxe5+ Qxe5 48. Rxe5 d3 49. Ke1 Rc7 50. Ra5 Rc1+ 51. Kd2 Rc2+ 52. Kxd3 Rxa2
53. b4 Rf2 54. Ke3 1/2-1/2

[Event "1.CLZ 24/25,Sokol Vysehrad-Zikuda Turnov B"]
[Site "Praha"]
[Date "2025.03.23"]
[Round "10.7"]
[White "Kunc, Jan"]
[Black "Duran, Tomas"]
[WhiteElo "2024"]
[BlackElo "2113"]
[Result "1/2-1/2"]
[PlyCount "73"]

1. c4 Nf6 2. g3 g6 3. Bg2 Bg7 4. Nc3 d6 5. d4 c6 6. e4 Nbd7 7. Nge2 O-O 8. O-O
e5 9. h3 Re8 10. Be3 exd4 11. Nxd4 Nc5 12. Qc2 Qe7 13. Rfe1 Nfxe4 14. Bf4 Bxd4
15. Nxe4 Nxe4 16. Rxe4 Be5 17. Qe2 Bf5 18. Re3 g5 19. Bxe5 dxe5 20. f4 gxf4 21.
gxf4 Qc5 22. Kh2 Re6 23. fxe5 Rae8 24. Re1 f6 25. Qh5 Bg6 26. Rg3 fxe5 27. Re4
Kh8 28. Qg5 Qe7 29. Qxe7 R8xe7 30. Re2 Rd6 31. Rge3 e4 32. Kg3 Rd4 33. b3 b5
34. cxb5 cxb5 35. Kf4 Kg7 36. Bxe4 Kf6 37. h4 1/2-1/2

[Event "1.CLZ 24/25,Sokol Vysehrad-Zikuda Turnov B"]
[Site "Praha"]
[Date "2025.03.23"]
[Round "10.8"]
[White "Pors, Jaroslav"]
[Black "Vanek, Petr"]
[WhiteElo "2007"]
[BlackElo "2007"]
[Result "1-0"]
[PlyCount "71"]

1. d4 d5 2. c4 c6 3. Nf3 Nf6 4. Nc3 dxc4 5. a4 Bg4 6. Ne5 Bh5 7. g3 e6 8. Bg2
Bb4 9. O-O Nbd7 10. Nxc4 a5 11. Re1 Nb6 12. Ne5 O-O 13. h3 Nfd5 14. Qb3 Nd7 15.
e4 Nxe5 16. dxe5 Nxc3 17. bxc3 Bc5 18. Qxb7 Qd3 19. Be3 Rab8 20. Qc7 Bxe3 21.
Rxe3 Qd2 22. g4 Bg6 23. Rf1 Rfc8 24. Qxa5 Qc2 25. Qa7 Ra8 26. Qd7 h6 27. h4 h5
28. gxh5 Bxh5 29. Qe7 Rxa4 30. Qg5 g6 31. Rg3 Qe2 32. f4 Rca8 33. f5 exf5 34.
exf5 Qxe5 35. fxg6 Qxg5 36. gxf7+ 1-0

[Event "1.CLZ 24/25,MGMBA Unichess-TJ Pankrac"]
[Site "Praha"]
[Date "2025.03.23"]
[Round "10.1"]
[White "Cernousek, Lukas"]
[Black "Jirovsky, Milos"]
[WhiteElo "2430"]
[BlackElo "2363"]
[Result "1/2-1/2"]
[PlyCount "50"]

1. e4 e6 2. d4 d5 3. Nc3 dxe4 4. Nxe4 Bd7 5. Nf3 Bc6 6. Bd3 Nd7 7. O-O Ngf6 8.
Ned2 Be7 9. c4 a5 10. Qe2 O-O 11. a4 Re8 12. b3 Bf8 13. Bb2 g6 14. Rad1 Bg7 15.
Bb1 Qe7 16. Ne1 Rad8 17. Nc2 Nh5 18. f4 f5 19. g3 Nb8 20. Rfe1 Nf6 21. Nf3 Be4
22. Ng5 Nc6 23. Nxe4 Nxe4 24. Qe3 Rd7 25. Na3 Nd6 1/2-1/2

[Event "1.CLZ 24/25,MGMBA Unichess-TJ Pankrac"]
[Site "Praha"]
[Date "2025.03.23"]
[Round "10.2"]
[White "Dolezal, Radoslav"]
[Black "Jurcik, Marian"]
[WhiteElo "2324"]
[BlackElo "2412"]
[Result "1/2-1/2"]
[PlyCount "177"]

1. d4 c5 2. c3 Nf6 3. Nf3 d5 4. Bf4 Nc6 5. e3 Qb6 6. Qb3 c4 7. Qxb6 axb6 8. Be2
b5 9. Ne5 e6 10. O-O b4 11. Rc1 Nxe5 12. Bxe5 b5 13. cxb4 Bxb4 14. Nc3 Bd7 15.
a3 Ba5 16. Bd6 Bc6 17. Bf3 Kd7 18. Bc5 g5 19. h3 h5 20. g3 g4 21. hxg4 hxg4 22.
Bg2 Nh7 23. Bb4 Ng5 24. Bxa5 Rxa5 25. Kf1 Rh2 26. Kg1 Rh6 27. Kf1 Rh2 28. Kg1
Rh6 29. Kf1 Ra8 30. Ke2 Rh2 31. Rh1 Rxg2 32. Kf1 b4 33. Nb1 Rxf2+ 34. Kxf2 Ne4+
35. Kg2 Bb5 36. Rc1 c3 37. bxc3 Be2 38. Ra2 Bc4 39. Rac2 bxa3 40. Nd2 Bd3 41.
Ra2 Rh8 42. Nb3 Rh3 43. Rxa3 Rxg3+ 44. Kh2 Rxe3 45. Ra7+ Kd6 46. Nc5 Rh3+ 47.
Kg1 Rg3+ 48. Kh2 Rh3+ 49. Kg1 Nxc5 50. dxc5+ Kxc5 51. Rc7+ Kd6 52. Rxf7 Be4 53.
Kf2 g3+ 54. Ke3 Ke5 55. Rf8 Rh2 56. Rg8 g2 57. Re1 Rh3+ 58. Kd2 Rd3+ 59. Kc2
Re3+ 60. Kd2 Rd3+ 61. Kc2 Rf3+ 62. Kd2 Rf1 63. Rg4 Kf5 64. Rexe4 g1=Q 65. Rxg1
Rxg1 66. Re2 Rg3 67. Rf2+ Ke5 68. Re2+ Kd6 69. Rh2 Rf3 70. Rh6 Ke5 71. Rh4 Rf4
72. Rh6 Rf6 73. Rh4 Rf3 74. Kc2 Rf4 75. Rh6 Kf5 76. Kd3 e5 77. Rd6 Rf3+ 78. Ke2
Ke4 79. Rxd5 Rxc3 80. Ra5 Rc2+ 81. Kd1 Rf2 82. Ke1 Rf3 83. Ke2 Re3+ 84. Kf2 Kf4
85. Ra4+ e4 86. Ra8 Rb3 87. Rf8+ Ke5 88. Re8+ Kd4 89. Rd8+ 1/2-1/2

[Event "1.CLZ 24/25,MGMBA Unichess-TJ Pankrac"]
[Site "Praha"]
[Date "2025.03.23"]
[Round "10.3"]
[White "Simek, Petr"]
[Black "Constantinou, Peter"]
[WhiteElo "2328"]
[BlackElo "2213"]
[Result "1/2-1/2"]
[PlyCount "58"]

1. d4 g6 2. c4 Bg7 3. Nf3 d6 4. g3 Nd7 5. Nc3 e5 6. Bg2 Ngf6 7. O-O O-O 8. e4
a5 9. Qc2 Re8 10. Rd1 b6 11. Rb1 Rb8 12. b3 exd4 13. Nxd4 Bb7 14. f3 Nc5 15.
Be3 Nfd7 16. Bf2 Ne5 17. a3 Ne6 18. Nd5 h5 19. b4 axb4 20. axb4 Nxd4 21. Bxd4
c5 22. Ba1 Bxd5 23. Rxd5 Nc6 24. Bxg7 Kxg7 25. Qc3+ Kg8 26. Rbd1 Nd4 27. R1xd4
cxd4 28. Qxd4 Re6 29. Bh3 Rf6 1/2-1/2

[Event "1.CLZ 24/25,MGMBA Unichess-TJ Pankrac"]
[Site "Praha"]
[Date "2025.03.23"]
[Round "10.4"]
[White "Matras, Ondrej"]
[Black "Juhanak, Daniel"]
[WhiteElo "2109"]
[BlackElo "2204"]
[Result "1-0"]
[PlyCount "115"]

1. d4 Nf6 2. c4 Nc6 3. Nf3 e6 4. Nc3 Bb4 5. Qc2 O-O 6. a3 Bxc3+ 7. Qxc3 d6 8.
g3 Re8 9. Bg2 a5 10. b3 e5 11. d5 Nb8 12. O-O Bf5 13. Nh4 Qd7 14. Nxf5 Qxf5 15.
e4 Qc8 16. Bg5 Nbd7 17. b4 b6 18. f3 c5 19. bxa5 Rxa5 20. Rfb1 Qa6 21. Bf1 Ra8
22. Rb3 h6 23. Bd2 Ra4 24. Qb2 Qc8 25. Bd3 Qd8 26. Bc1 Nh7 27. Rb1 Qf6 28. Qe2
Nhf8 29. Bc2 R4a6 30. Bb2 Kh8 31. f4 Qe7 32. Rf1 Ng6 33. f5 Ngf8 34. g4 Nh7 35.
Bc1 Qh4 36. Kg2 Qe7 37. Rh1 Kg8 38. h4 f6 39. Rg3 R6a7 40. a4 Ndf8 41. g5 fxg5
42. hxg5 hxg5 43. Qh5 Qf7 44. Qh2 Rxa4 45. Bxa4 Rxa4 46. Kf3 Rxc4 47. Bxg5
Nxg5+ 48. Rxg5 Rc3+ 49. Kg4 Qf6 50. Qh8+ Kf7 51. Qh5+ Ke7 52. Ra1 Re3 53. Ra6
Nd7 54. Rg6 Rxe4+ 55. Kg3 Qf7 56. Re6+ Kf8 57. Ra8+ Nb8 58. Rxb8+ 1-0

[Event "1.CLZ 24/25,MGMBA Unichess-TJ Pankrac"]
[Site "Praha"]
[Date "2025.03.23"]
[Round "10.5"]
[White "Tesar, Jakub"]
[Black "Sindler, Michal"]
[WhiteElo "1966"]
[BlackElo "2160"]
[Result "0-1"]
[PlyCount "76"]

1. d4 Nf6 2. c4 g6 3. Nf3 Bg7 4. g3 O-O 5. Bg2 d6 6. Nc3 Nc6 7. O-O e5 8. e4
Bg4 9. d5 Nd4 10. Qd3 Nd7 11. Nxd4 exd4 12. Nb5 Ne5 13. Qd2 Nxc4 14. Qc2 Nb6
15. Qd3 Qf6 16. Nxc7 Rac8 17. Nb5 a6 18. Na3 Na4 19. Bf4 g5 20. Bd2 Nc5 21. Qb1
Be2 22. Re1 d3 23. Bc3 Qg6 24. Bxg7 Kxg7 25. Nc4 Rfe8 26. Nd2 f5 27. Bf1 Bxf1
28. exf5 Qxf5 29. Kxf1 Qxd5 30. Kg1 Re2 31. Rxe2 dxe2 32. Qc2 Qd3 33. Qc1 Re8
34. Qe1 Qf5 35. Nc4 Re6 36. Qc3+ Qf6 37. Ne3 Qxc3 38. bxc3 Rxe3 0-1

[Event "1.CLZ 24/25,MGMBA Unichess-TJ Pankrac"]
[Site "Praha"]
[Date "2025.03.23"]
[Round "10.6"]
[White "Postupa, Pavel"]
[Black "Slampa, Jan"]
[WhiteElo "2159"]
[BlackElo "2211"]
[Result "0-1"]
[PlyCount "84"]

1. e4 c5 2. Nf3 e6 3. g3 b6 4. Bg2 Bb7 5. Nc3 Nc6 6. O-O Be7 7. d4 cxd4 8. Nxd4
h5 9. Ndb5 d6 10. Bf4 e5 11. Be3 Nf6 12. Qd2 Na5 13. Qe2 a6 14. Na3 Rc8 15. Nd5
Bxd5 16. exd5 b5 17. c3 h4 18. f4 hxg3 19. hxg3 Qd7 20. Bb6 Nc4 21. Nxc4 Rxc4
22. fxe5 dxe5 23. Qxe5 Kf8 24. Qb8+ Rc8 25. Qa7 Qd6 26. Rae1 Nd7 27. Re6 Qxg3
28. Rf5 Rd8 29. Bf2 Qg4 30. Rf3 Bf6 31. Qc7 Qc4 32. Qd6+ Kg8 33. Rexf6 gxf6 34.
Rf4 Qe2 35. Re4 Qd1+ 36. Re1 Qg4 37. Bb6 Rc8 38. Bd4 Kg7 39. Re3 Qd1+ 40. Bf1
Rh1+ 41. Kxh1 Qxf1+ 42. Kh2 Qf2+ 0-1

[Event "1.CLZ 24/25,MGMBA Unichess-TJ Pankrac"]
[Site "Praha"]
[Date "2025.03.23"]
[Round "10.7"]
[White "Pokorny, Petr"]
[Black "Petr, Jan"]
[WhiteElo "2160"]
[BlackElo "2018"]
[Result "1/2-1/2"]
[PlyCount "53"]

1. d4 d5 2. c4 e6 3. Nf3 c5 4. cxd5 exd5 5. Nc3 Nc6 6. g3 Nf6 7. Bg2 Be7 8. O-O
O-O 9. dxc5 Bxc5 10. Na4 Be7 11. Be3 h6 12. Rc1 Re8 13. Bc5 Bf5 14. Re1 Rc8 15.
Nd4 Nxd4 16. Qxd4 b6 17. Bxe7 Qxe7 18. e3 Be4 19. Bh3 Rc4 20. Rxc4 dxc4 21.
Qxc4 Bd5 22. Qf4 Bxa2 23. Nc3 Nd5 24. Nxd5 Bxd5 25. Rd1 Qe4 26. Qxe4 Bxe4 27.
Bg2 1/2-1/2

[Event "1.CLZ 24/25,MGMBA Unichess-TJ Pankrac"]
[Site "Praha"]
[Date "2025.03.23"]
[Round "10.8"]
[White "Vasek, Jan"]
[Black "Bartos, Jan"]
[WhiteElo "2124"]
[BlackElo "2118"]
[Result "1/2-1/2"]
[PlyCount "57"]

1. e4 c5 2. Ne2 Nf6 3. Nbc3 e5 4. Ng3 g6 5. Bc4 Bg7 6. d3 d6 7. h4 h5 8. Bg5
Bh6 9. Qf3 Nbd7 10. Nb5 Ke7 11. O-O-O a6 12. Nc3 Kf8 13. Bxh6+ Rxh6 14. Rdf1
Rh7 15. Qe2 Nb6 16. f4 exf4 17. Rxf4 Nxc4 18. dxc4 Ng4 19. Qd2 Be6 20. Nd5 b5
21. Nf1 Bxd5 22. Qxd5 bxc4 23. Rh3 Rb8 24. Ne3 Ne5 25. Nxc4 Nxc4 26. Qxc4 Qa5
27. Rf1 Qb5 28. Qxb5 axb5 29. Rd3 1/2-1/2

[Event "1.CLZ 24/25,Cesky lev Kolesovice-Slavoj Litomerice"]
[Site "Kolesovice"]
[Date "2025.03.23"]
[Round "10.1"]
[White "Shagbazyan, Taron"]
[Black "Hollan, Martin"]
[WhiteElo "2439"]
[BlackElo "2322"]
[Result "1/2-1/2"]

1. d4 Nf6 2. c4 e6 3. Nc3 Bb4 4. e3 O-O 5. Bd3 d5 6. Nf3 b6 7. O-O c5 8. Qe2
Bb7 9. Rd1 Bxc3 10. bxc3 dxc4 11. Bxc4 Qc7 12. Bb2 Nbd7 13. Bd3 Be4 14. c4 Bxd3
15. Qxd3 cxd4 16. exd4 Rfd8 17. Rac1 Qf4 18. Qb3 Rac8 19. a4 h6 20. a5 bxa5 21.
Bc3 Qc7 22. Be1 Nb8 23. Qb5 Nc6 24. d5 exd5 25. cxd5 Qb8 26. Qa4 Nb4 27. Rxc8
Qxc8 28. Qxa5 1/2-1/2

[Event "1.CLZ 24/25,Cesky lev Kolesovice-Slavoj Litomerice"]
[Site "Kolesovice"]
[Date "2025.03.23"]
[Round "10.2"]
[White "Hollan, Petr"]
[Black "Svoboda, Svatopluk"]
[WhiteElo "2249"]
[BlackElo "2333"]
[Result "0-1"]

%Created by Caissa.com PGN Maker 1. e4 c6 2. Nc3 Na6 3. Bxa6 bxa6 4. Nge2 d5 5.
d4 Rb8 6. O-O e6 7. b3 Nf6 8. Qd3 a5 9. Bg5 Be7 10. Bxf6 Bxf6 11. Qg3 Ba6 12.
e5 Bg5 13. f4 Bh6 14. Qf3 g6 15. g4 Bf8 16. f5 gxf5 17. gxf5 Qg5+ 18. Ng3 Bxf1
19. Rxf1 Bh6 20. Kh1 O-O 21. Nh5 Kh8 22. Nf6 Qh4 23. Nd7 Qxd4 24. Qh3 Bd2 25.
Nxf8 Rxf8 26. Nb1 Rg8 27. Nxd2 Qxd2 28. fxe6 fxe6 29. Qf3 h6 30. c3 Kh7 31. a4
c5 32. Rd1 Qg5 33. Re1 Qg4 34. Qf2 d4 35. cxd4 cxd4 36. Rf1 Qe4+ 37. Qf3 Qxf3+
38. Rxf3 Rd8 39. Rd3 Kg6 40. Kg1 Kf5 41. Kf1 Kxe5 42. Rh3 Ke4 43. Ke2 Rg8 44.
Rh4+ Kd5 45. Rh5+ e5 46. Rxh6 Rg2+ 47. Ke1 d3 48. Rh8 Kd4 0-1

[Event "1.CLZ 24/25,Cesky lev Kolesovice-Slavoj Litomerice"]
[Site "Kolesovice"]
[Date "2025.03.23"]
[Round "10.3"]
[White "Studnicka, Tomas"]
[Black "Brejnik, Gustav"]
[WhiteElo "2248"]
[BlackElo "2247"]
[Result "1-0"]

1. d4 d5 2. Bf4 c5 3. e3 Nc6 4. Nf3 Bg4 5. Nbd2 e6 6. c3 cxd4 7. exd4 Bd6 8.
Bg3 Nge7 9. Bd3 h6 10. O-O Bxg3 11. hxg3 O-O 12. Re1 Qd7 13. Nf1 f6 14. N1h2
Bh5 15. Qd2 Rad8 16. Re3 Bf7 17. Rae1 Nc8 18. Bb1 Nd6 19. Qc2 Ne4 20. Nd2 f5
21. Nxe4 dxe4 22. f3 e5 23. dxe5 Nxe5 24. fxe4 Nc4 25. R3e2 Nd2 26. e5 Be6 27.
Nf3 Nxb1 28. Qxb1 Qa4 29. b3 Qg4 30. Nd4 Rxd4 31. cxd4 Qxd4+ 32. Kh2 f4 33. Qe4
fxg3+ 34. Kxg3 Qd8 35. Qh4 Qd3+ 36. Re3 Qc2 37. R1e2 Qg6+ 38. Kh2 Rf1 39. Rf2
Rd1 40. Rg3 Qb1 41. Rxg7+ Kxg7 42. Qe7+ Kh8 43. Qxe6 Rh1+ 44. Kg3 Qe1 45. Qc8+
Kg7 46. Qxb7+ Kh8 47. Qb8+ Kg7 48. Qxa7+ Kh8 49. Qb8+ Kg7 50. Qc7+ Kh8 51. Qc8+
Kg7 52. Qg4+ Kh7 53. Qe2 Qc3+ 54. Rf3 Qc7 55. Qd3+ Kh8 56. Qd4 h5 57. Rc3 Qg7+
58. Kf2 Qf7+ 59. Rf3 Qg7 60. Qc5 Kh7 61. Qc2+ Kh8 62. Qc8+ Kh7 63. Qf5+ Kg8 64.
Qe6+ Kh8 65. Qe8+ Qg8 66. Rf8 1-0

[Event "1.CLZ 24/25,Cesky lev Kolesovice-Slavoj Litomerice"]
[Site "Kolesovice"]
[Date "2025.03.23"]
[Round "10.4"]
[White "Hinks-Edwards, Thomas"]
[Black "Walek, Petr"]
[WhiteElo "2296"]
[BlackElo "2251"]
[Result "0-1"]

1. c4 c5 2. g3 g6 3. Bg2 Bg7 4. Nc3 Nc6 5. Nf3 d6 6. O-O Bf5 7. d3 Qd7 8. Rb1
Bh3 9. Bd2 Nf6 10. a3 h5 11. Nd5 Bxg2 12. Kxg2 h4 13. Nxf6+ Bxf6 14. Bc3 hxg3
15. fxg3 Qh3+ 16. Kg1 Nd4 17. Rf2 Nf5 18. Bxf6 exf6 19. Qd2 Nxg3 20. Qf4 Nf5
21. e4 Qh6 22. Ne1 Qxf4 23. Rxf4 Rh4 24. Rf3 Rg4+ 25. Kf1 Nd4 26. Rxf6 Nf5 27.
exf5 Ke7 28. Rxf7+ Kxf7 29. b4 Rf4+ 30. Kg2 gxf5 31. bxc5 Rg8+ 32. Kh3 Rfg4 33.
Rxb7+ Kg6 0-1

[Event "1.CLZ 24/25,Cesky lev Kolesovice-Slavoj Litomerice"]
[Site "Kolesovice"]
[Date "2025.03.23"]
[Round "10.5"]
[White "Vagner, Tomas"]
[Black "Kopriva, Martin"]
[WhiteElo "2239"]
[BlackElo "2163"]
[Result "0-1"]

1. e4 c5 2. Nf3 g6 3. Nc3 Bg7 4. d3 Nc6 5. h3 d6 6. Be2 e5 7. Nd5 h6 8. c4 Nge7
9. Bd2 O-O 10. Qc1 Kh7 11. h4 Nxd5 12. cxd5 Nd4 13. Nxd4 cxd4 14. b3 f5 15. Qa3
Bf6 16. Rc1 fxe4 17. h5 e3 18. hxg6+ Kg8 19. fxe3 dxe3 20. Ba5 b6 21. Bb4 Bh4+
22. Kd1 Rf2 23. Be1 Rxe2 24. Bxh4 Bg4 25. Qb4 Qd7 26. Rc2 Rxg2+ 27. Kc1 Rxc2+
28. Kxc2 Bf3 29. Rf1 Bxd5 30. Kb2 a5 31. Qe1 a4 32. Qxe3 axb3 33. Qxh6 Rxa2+
34. Kb1 Ra1+ 0-1